000 00283nam a2200121Ia 4500
008 190216s9999||||xx |||||||||||||| ||und||
100 _aVenkitachar M A
245 0 _aHand Book Of Si Units
260 _bSulthan Chand&Sons
_c1960
300 _a73p
650 _aPhysics
942 _cBK
999 _c33016
_d33016